00393nam a2200157Ia 45000010005000000080041000050200018000460400013000640820023000771000021001002450051001212600009001723000011001815460007001926500036001997825140321s9999 xx 000 0 und d a0-19-510073-5 cPK-LaUMT a 954.042092bWOL-N aWolpert, Stanley aNehru : A tryst with destinycWolpert, Stanley c1996 a546 p. aEN aPrime minsiters-India-Biography